|
|
|
|
| LEADER |
00000nam0a2200000 4500 |
| 001 |
278646 |
| 005 |
20231101235131.0 |
| 035 |
|
|
|a (RuTPU)RU\TPU\book\301923
|
| 090 |
|
|
|a 278646
|
| 100 |
|
|
|a 20141212d1985 k y0rusy50 ca
|
| 101 |
0 |
|
|a rus
|
| 102 |
|
|
|a RU
|
| 105 |
|
|
|a a z 001zy
|
| 200 |
1 |
|
|a Физика диэлектрических материалов
|e сборник научных трудов (межвузовский)
|f Московский государственный институт радиотехники, электроники и автоматики (Технический университет) (МИРЭА)
|
| 210 |
|
|
|a Москва
|c Изд-во МИРЭА
|d 1985
|
| 215 |
|
|
|a 216 с.
|c ил.
|
| 320 |
|
|
|a Библиография в конце статей
|
| 606 |
1 |
|
|a Диэлектрические материалы
|x Физика
|2 stltpush
|3 (RuTPU)RU\TPU\subj\9810
|9 36980
|
| 610 |
1 |
|
|a диэлектрики
|
| 610 |
1 |
|
|a высокоомные полупроводники
|
| 610 |
1 |
|
|a неравновесное состояние
|
| 610 |
1 |
|
|a физические процессы
|
| 610 |
1 |
|
|a релаксационные процессы
|
| 610 |
1 |
|
|a воздействие
|
| 610 |
1 |
|
|a перенос заряда
|
| 610 |
1 |
|
|a теоретические исследования
|
| 610 |
1 |
|
|a экспериментальные исследования
|
| 675 |
|
|
|a 537.226
|v 4
|
| 712 |
0 |
2 |
|a Московский государственный институт радиотехники, электроники и автоматики (Технический университет) (МИРЭА)
|c (1967-1993)
|2 stltpush
|3 (RuTPU)RU\TPU\col\119
|
| 801 |
|
1 |
|a RU
|b 63413507
|c 20141212
|
| 801 |
|
2 |
|a RU
|b 63413507
|c 20170412
|g RCR
|
| 942 |
|
|
|c BK
|